000 00468cam a2200193ua 4500
001 11049
008 190806n ii |||gr||||Z||||||asm
040 _cMAIN
041 _aasm
082 _a398.054162
100 _aUmesh Chetia,
_eAuthor.
245 _aAsamar loka sanskritir ruprekha
_cBy Umesh Chetia
250 _a3rd ed.
260 _aDhemaji:
_bKiran prakashan,
_c2013.
300 _a312p.
653 _aFolklore
653 _aFolklore of Assam
942 _cBK
999 _c9954
_d9954